000 00604 a2200193 4500
001 61840
005 20260407155910.0
008 260407a1973 arg spa d
003 AR-UNSa-BCEJYS
040 _aAR-UNSa-BCEJYS
_bspa
_cAR-UNSa-BCEJYS
080 _a347.724
_xSociedades de responsabilidad limitada (Comandita por acciones)
245 1 0 _aSociedades en comandita por acciones
_pPrincipales problemas
264 1 _aBuenos Aires :
_bCangallo
_c1973
300 _a179 p.
_c20 cm.
041 _aspa
942 _cBK
590 _aniveau_biblio:m niveau_hierar:0
100 1 _aEtcheverry, Raúl Aníbal
999 _c7430
_d7430